La Migración internacional parece estar excluída de la globalización
Sparad:
| Materialtyp: | Text |
|---|---|
| Ämnen: | |
| Taggar: |
Lägg till en tagg
Inga taggar, Lägg till första taggen!
|
MARC
| LEADER | 00000 a a2200000 04500 | ||
|---|---|---|---|
| 001 | 10250 | ||
| 003 | |||
| 040 | |||
| 245 | |a La Migración internacional parece estar excluída de la globalización | ||
| 650 | |a MIGRACION INTERNACIONAL | ||
| 650 | |a GLOBALIZACION | ||
| 650 | |a MIGRACION INTERNACIONAL | ||
| 650 | |a REMESAS | ||
| 773 | |g número 22; páginas 5-7 | ||
| 999 | |c 34588 |d 34588 | ||
